00938nam a2200229 a 450000100100000000500170001000800410002702000150006804000250008308200210010810000290012924500850015825000110024326000410025430000330029550000310032850000370035965000510039695201190044795201250056699900170069100002296120200930021910.0101123s1979 xxua 001 0 eng d a0256022445 aDO-SdBNPbspacBNPHU a658.45019bH237c1 aHaney, William V.94721610aCommunication and interpersonal relations :btext and cases /cWilliam V. Haney. a4a ed. aIllinois :bRichard D. Irwin,c1979. axiv, 637 p. :bil. ;c23 cm. aBibliografía: p. 595-625 aIncluye índice de artículos. 4aComunicaciónxAspectos psicológicos927025 001050718MOaGRbGRcHDd2010-11-23iLF1l0o658.45019 H237cp22961-10r2020-06-25w2020-06-25y1ZNo se presta 001150718MOaGRbGRcMId2017-06-02iLF1l0o658.45019 H237cp22961-20r2020-06-25te. 2w2020-06-25y1ZNo se presta c22458d22458